000 00690nam a2200241Ia 4500
003 OSt
005 20220923225522.0
006 a|||||r|||| 00| 0
007 ta
008 220922b |||||||| |||| 00| 0 guj d
024 _a270,282
037 _cTextual
040 _aARTS
_cARTS
_bguj
041 _2guj
_aguj
082 _aO156,1L77x, 152K2
100 _aदयाराम
245 0 _aकवि श्री माला गुजराती
246 _aKavi shrī mālā gujarātī
260 _c1962
650 _aगुजराती साहित्य
942 _hO156,1L77x, 152K2
_cTEXL
_2CC
999 _c378786
_d378786